000 00434nam a2200169Ia 4500
008 190425s9999 xx 000 0 und d
100 _aDelos Santos, Katrina
245 _aCoffee lover helps farmers/
245 _cKatrina Delos Santos, Jamie Andrea Turalba
260 _bManila Standard
260 _c2017
300 _aJuly 2
440 _aManila Standard
650 _aagriculture
650 _acoffee
650 _afarmers
999 _c361669
_d361669